Nuevo smart interactivo (Registro nro. 13277)

Detalles MARC
000 -Cabecera
Campo de control de longitud fija 00474nam a22002057a 4500
005 - Fecha y hora de la última transacción
Campo de control 20250207172920.0
008 - Elementos de longitud fija--Información general
Campo de control de longitud fija 220322b2009 xxu||||| |||| 00| 0 spa d
020 ## - International Standard Book Number
Número Internacional Estándar del Libro (ISBN) 9784849438578
041 ## - Idioma
Código de idioma Español
-- Inglés
082 ## - Clasificación Decimal Dewey
Número de clasificación R 423 D545d
245 ## - Título propiamente dicho
Título Nuevo smart interactivo
260 ## - Pie de imprenta
Lugar de publicación, distribución, etc. Español
260 ## - Pie de imprenta
Nombre del editor, distribuidor, etc. Editorial Océano
260 ## - Pie de imprenta
Fecha de publicación, distribución, etc. 2009
300 ## - Descripción física
Extensión 1081 páginas
650 ## - Materia general
Temática (materia general) DICCIONARIOS
650 ## - Materia general
Temática (materia general) ESPAÑOL
650 ## - Materia general
Temática (materia general) INGLÉS
942 ## - Punto de acceso adicional KOHA
Tipo de ítem KOHA Referencia
Fuente del sistema de clasificación o colocación Dewey Decimal Classification
Existencias
Signatura completa Código de barras Tipo de ítem
R 423 D545d 8820 Referencia
R 423 D545d 6909 Referencia